'G' Names by 3 Surnames Quiz Stats

 Plays Quiz not verified by Sporcle

Score 0/20 Timer 05:00
4 Plays Today
% Correct
George
96.4%
Gordon
95.1%
Gary
93.3%
Gwen
93%
Gene
92.5%
Gloria
92.2%
Guy
91.1%
Glenn
89.9%
Greta
88%
Gregory
86.1%
% Correct
Gabriel
85.4%
Ginger
81.2%
Gavin
80.9%
Gerard
80.2%
Grace
79.7%
Gerald
78.9%
Gillian
78.1%
Gladys
73.5%
Gina
71%
Gretchen
66.9%

You're not logged in!

Compare scores with friends on all Sporcle quizzes.
OR
Log In

Show Comments

Extras

Top Quizzes Today


Score Distribution

Your Account Isn't Verified!

In order to create a playlist on Sporcle, you need to verify the email address you used during registration. Go to your Sporcle Settings to finish the process.

Report this User

Report this user for behavior that violates our Community Guidelines.

Details: